000 00865nam a2200253Ia 4500
003 OSt
005 20220923215312.0
006 a|||||r|||| 00| 0
007 ta
008 220922b |||||||| |||| 00| 0 hin d
024 _a177,580
037 _cTextual
040 _aARTS
_cARTS
_bhin
041 _2hin
_ahin
082 _aO152,1:g(P:75), M2
100 _aमधुकर, महेन्द्र
245 0 _aउपमा अलंकार
_b उद्भव और विकास
246 _aUpamā alankāra: udbhav aur vikāsa
260 _aपटना
_b बिहार ग्रन्थ कुटीर
_c1982
300 _a272 पृ.
_ccm.
650 _aहिन्दी साहित्य
_9156264
942 _hO152,1:g(P:75), M2
_cTEXL
_2CC
999 _c330968
_d330968